The noble scholar, jurist, historian


 His Excellency Dr. Abdul Wahhab bin Ibrahim Abu Sulaiman, may Allah have mercy on him.


 He was born in Umm Al-Qura in the year 1356 AH.

فتح الجليل الصمد في شرح التكميل والمعتمد / (Record no. 14566)

MARC details
000 -LEADER
fixed length control field 01720ctm a22002771i 4500
003 - CONTROL NUMBER IDENTIFIER
control field SA-RiAUC
005 - DATE AND TIME OF LATEST TRANSACTION
control field 20260313130237.0
008 - FIXED-LENGTH DATA ELEMENTS--GENERAL INFORMATION
fixed length control field 260131s1781 xx f 000 0 ara c
040 ## - CATALOGING SOURCE
Original cataloging agency SA-JeALM
Language of cataloging ara
Transcribing agency SA-RiAUC
Description conventions rda
082 04 - DEWEY DECIMAL CLASSIFICATION NUMBER
Classification number 258.2
Assigning agency SA-RiAUC
090 ## - LOCALLY ASSIGNED LC-TYPE CALL NUMBER (OCLC); LOCAL CALL NUMBER (RLIN)
Classification number (OCLC) (R) ; Classification number, CALL (RLIN) (NR) م ن 258.2
Local cutter number (OCLC) ; Book number/undivided call number, CALL (RLIN) ب و ج
100 1# - MAIN ENTRY--PERSONAL NAME
Personal name البوجعدي، محمد بن أبي القاسم بن محمد،
Dates associated with a name توفي 1214 هجري
Relator term مؤلف.
245 10 - TITLE STATEMENT
Title فتح الجليل الصمد في شرح التكميل والمعتمد /
Statement of responsibility, etc. محمد بن أبي القاسم بن محمد عبد الجليل الفلالي.
246 30 - VARYING FORM OF TITLE
Title proper/short title شرح التكميل والمعتمد
264 #0 - PRODUCTION, PUBLICATION, DISTRIBUTION, MANUFACTURE, AND COPYRIGHT NOTICE
Place of production, publication, distribution, manufacture تونس :
Name of producer, publisher, distributor, manufacturer مطبعة الدولة التونسية.
Date of production, publication, distribution, manufacture, or copyright notice [1873]
300 ## - PHYSICAL DESCRIPTION
Extent 126 صفحة ؛
Dimensions 29 سم
336 ## - CONTENT TYPE
Content type term نص
Content type code txt
Source rdacontent
Materials specified مخطوطة
337 ## - MEDIA TYPE
Media type term بدون وسيط
Media type code n
Source rdamedia
338 ## - CARRIER TYPE
Carrier type term مجلد
Carrier type code nc
Source rdacarrier
340 ## - PHYSICAL MEDIUM
Information recording technique خط مغربي.
500 ## - GENERAL NOTE
General note أوله : بسم الله الرحمان الرحيم صلى الله على سيدنا ومولانا محمد وآله وصحبه وسلم تسليما الحمد لله رب العالمين والصلاة والسلام على مولانا محمد رسوله الأمين وعلى آله وصحبه الأكرمين صلاة وسلاما بهما في أصحاب اليمين وبعد فيقول عبد ربه المتعالي محمد بن أبي القاسم بن محمد بن عبد الجليل الفيلالي نور الله قلبه وأفاض عليه من خيره.
650 #7 - SUBJECT ADDED ENTRY--TOPICAL TERM
Topical term or geographic name entry element الفقه المالكي
Form subdivision مخطوطات
Source of heading or term aucsh
740 22 - ADDED ENTRY--UNCONTROLLED RELATED/ANALYTICAL TITLE
Uncontrolled related/analytical title التكميل والمعتمد.
942 ## - ADDED ENTRY ELEMENTS (KOHA)
Source of classification or shelving scheme Dewey Decimal Classification
Koha item type كتاب مصور نادر
Suppress in OPAC No
949 ## - LOCAL PROCESSING INFORMATION (OCLC)
a SA-JeALM
d 260131
u mohamedma123
n 1
Holdings
Withdrawn status Lost status Source of classification or shelving scheme Damaged status Not for loan Home library Current library Date acquired Total checkouts Full call number Barcode Date last seen Price effective from Koha item type
    Dewey Decimal Classification     DR AbdElwahab Library DR AbdElwahab Library 03/13/2026   م ن 258.2 ب و ج 000023056 03/13/2026 03/13/2026 كتاب مصور نادر
    Dewey Decimal Classification     DR AbdElwahab Library DR AbdElwahab Library 03/30/2026   م ن 258.2 ب و ج 000023209 03/30/2026 03/30/2026 كتاب مصور نادر